[Event "ISR-chT (Women)"]
[Site "Netanya"]
[Date "2025.05.30"]
[Round "4.25"]
[White "Levin, Emily"]
[Black "Daniel, Hadar"]
[Result "0-1"]
[WhiteElo "1710"]
[BlackElo "1799"]
[PlyCount "92"]
[EventDate "2025.05.29"]
[EventType "team-swiss"]
[EventRounds "6"]
[EventCountry "ISR"]
[SourceTitle "CB23_2025"]
[SourceDate "2025.06.04"]
[SourceVersion "1"]
[SourceVersionDate "2025.06.04"]
[SourceQuality "1"]
[WhiteTeam "Ramat Gan Princesses (W)"]
[BlackTeam "Nahariya (W)"]
[WhiteTeamCountry "ISR"]
[BlackTeamCountry "ISR"]

1. d4 Nf6 2. c4 e6 3. Nc3 Bb4 4. Qc2 b6 5. Bg5 h6 6. Bh4 g5 7. Bg3 Bb7 8. Be5 Bxc3+ 9. bxc3 d6 10. Bxf6 Qxf6 11. e4 Nc6 12. Rd1 0-0-0 13. Bd3 g4 14. Rb1 Na5 15. Qe2 h5 16. Kd2 Qf4+ 17. Kc2 f5 18. g3 Qg5 19. h4 Qf6 20. f3 Rhf8 21. exf5 exf5 22. d5 Rde8 23. Qf1 Ba6 24. f4 Re3 25. Rb3 Nxb3 26. axb3 Rfe8 27. Qa1 Bb7 28. Ne2 Rxe2+ 29. Bxe2 Rxe2+ 30. Kd1 Qe7 31. Qb1 Qe4 32. Qxe4 Rxe4 33. Kd2 Ba6 34. Re1 Rxe1 35. Kxe1 c6 36. Kd2 cxd5 37. cxd5 Kc7 38. Ke3 b5 39. b4 Kb6 40. Kd4 Bb7 41. c4 bxc4 42. Kxc4 Ba6+ 43. Kb3 Kb5 44. Kc3 Bb7 45. Kb3 Bxd5+ 46. Kc3 Be6 0-1